000 00306nam a2200097Ia 4500
008 220120s9999||||xx |||||||||||||| ||und||
100 _aBhavana P, Soujanya, B.S
_912148
245 0 _aPeer and peer file sharing protocol
260 _aCoorg Institute of Technology
_bPonnampet
_c2009
650 _aCOMPUTER SCIENCE
999 _c137734
_d137734